[Event "Asia Championship 2008"]
[Site "SchemingMind.com"]
[Date "2008.01.27"]
[Round "-"]
[White "reptile"]
[Black "opageo"]
[Result "0-1"]
[WhiteCountry "ISR"]
[BlackCountry "SCO"]
[WhiteElo "1773"]
[WhiteRD "94"]
[BlackElo "2139"]
[BlackRD "92"]
[GameID "139191"]

1. d4 g6 2. e4 d6 3. c4 Nd7 4. Nf3 Bg7 5. Nc3 e5 6. Be2 Ngf6 7. O-O O-O 8. Re1 exd4 9. Nxd4 Re8 10. Bf1 c6
11. f3 Ne5 12. Bg5 Qb6 13. Qd2 Qc5 14. b3 Nd3 15. Qxd3 Qxg5 16. Rad1 Nd7 17. Nce2 Nc5 18. Qd2 Qxd2 19. Rxd2 Bh6 20. Rdd1 Be3+
21. Kh1 Bf2 22. Ng3 Bxe1 23. Rxe1 h5 24. Kg1 f5 25. b4 Na6 26. a3 h4 27. Nh1 c5 28. Nc2 cxb4 29. axb4 Bd7 30. b5 Nc5
31. Nf2 Nb3 32. Rd1 Re6 33. Nb4 Rc8 34. Nd5 Nc5 35. exf5 gxf5 36. Nh3 Kf8 37. Nhf4 Rh6 38. Kf2 Kf7 39. Re1 a6 40. bxa6 bxa6
41. Nb6 Rb8 42. Nxd7 Nxd7 43. Ra1 Nc5 44. Ke3 Rhh8 45. Nd5 Rhe8+ 46. Kf4 Re5 47. Kg5 Ne6+ 48. Kxh4 f4
0-1

[Event "Asia Championship 2008"]
[Site "SchemingMind.com"]
[Date "2008.01.28"]
[Round "-"]
[White "opageo"]
[Black "reptile"]
[Result "1-0"]
[WhiteCountry "SCO"]
[BlackCountry "ISR"]
[WhiteElo "2139"]
[WhiteRD "92"]
[BlackElo "1773"]
[BlackRD "94"]
[GameID "139193"]

1. d4 Nf6 2. Bg5 Ne4 3. Bh4 g5 4. Bg3 Bg7 5. e3 c5 6. c3 cxd4 7. exd4 Nxg3 8. hxg3 Nc6 9. Bd3 h6 10. Nd2 d6
11. Qf3 e5 12. d5 Ne7 13. Ne4 Ng6 14. g4 O-O 15. Ne2 f5 16. gxf5 Bxf5 17. Qe3 Nf4 18. Nxf4 exf4 19. Qe2 Qe7 20. O-O-O Rae8
21. f3 a6 22. Qc2 Bxe4 23. Bxe4 Qf6 24. Rhe1 b5 25. Qb3 Rb8 26. Bc2 Rfe8 27. Re6 Rxe6 28. dxe6 Qe7 29. Qb4 Be5 30. Be4 Kf8
31. Bd5 Qc7 32. Qe4 Qg7= 33. Rd2 a5 34. Re2 Ke7 35. Qd3 a4 36. a3 h5 37. Re1 Kf6 38. Kb1 Qg6 39. Re4 h4 40. Kc2 h3
41. gxh3 Rh8 42. Qxb5 Rxh3 43. Qb8 g4 44. Qf8+ Kg5 45. e7
1-0

[Event "Asia Championship 2008"]
[Site "SchemingMind.com"]
[Date "2008.03.10"]
[Round "-"]
[White "SLAINTIE MHATH"]
[Black "marks"]
[Result "0-1"]
[WhiteCountry "POL"]
[BlackCountry "PHI"]
[WhiteElo "1591"]
[WhiteRD "45"]
[BlackElo "1762"]
[BlackRD "66"]
[GameID "145401"]

1. Nf3 Nf6 2. g3 d5 3. d3 c6 4. Bg2 g6 5. Bg5 Bg7 6. c3 h6 7. Bf4 Nbd7 8. h4 Nc5 9. Be5 Ncd7 10. d4 Nxe5
11. dxe5 Ng4 12. Bh3 Nxe5 13. Nxe5 Bxe5 14. Bxc8 Qxc8 15. e3 Qc7 16. Qg4 h5 17. Qe2 e6 18. Nd2 a5 19. f4 Bd6 20. O-O-O b5
21. Nf3 Ke7 22. e4 b4 23. c4 Rhd8 24. e5 Bc5 25. Ng5 Qb6 26. Nh7 Be3+ 27. Kb1 d4 28. Rd3 a4 29. g4 Qa6 30. Rxe3 dxe3
31. gxh5 a3 32. b3 Qb6 33. hxg6 Rd2 34. Qh5 Qd4 35. Qg5+ Kd7 36. Nf6+ Kc8
0-1

[Event "Asia Championship 2008"]
[Site "SchemingMind.com"]
[Date "2008.03.09"]
[Round "-"]
[White "marks"]
[Black "SLAINTIE MHATH"]
[Result "1-0"]
[WhiteCountry "PHI"]
[BlackCountry "POL"]
[WhiteElo "1762"]
[WhiteRD "66"]
[BlackElo "1591"]
[BlackRD "45"]
[GameID "145406"]

1. Nf3 c5 2. e4 d6 3. Bb5+ Bd7 4. Bxd7+ Qxd7 5. d3 g6 6. O-O Bg7 7. c3 a5 8. Re1 h6 9. Nbd2 Nf6 10. Nf1 O-O
11. h3 e5 12. Ng3 Nc6 13. Be3 b6 14. Qd2 b5 15. Bxh6 b4 16. Rab1 Rfb8 17. Nh2 a4 18. Bxg7 Kxg7 19. Rf1 bxc3 20. bxc3 Rh8
21. f4 Rh6 22. f5 g5 23. Qxg5+ Kh7 24. Qe3 Rg8 25. Rf3 Rh4 26. Ne2 Nh5 27. Ng4 Qe7 28. Qh6#
1-0

[Event "Asia Championship 2008"]
[Site "SchemingMind.com"]
[Date "2008.03.18"]
[Round "-"]
[White "Tanis"]
[Black "toguints"]
[Result "1-0"]
[WhiteCountry "CHN"]
[BlackCountry "PHI"]
[WhiteElo "2073"]
[WhiteRD "78"]
[BlackElo "1214"]
[BlackRD "93"]
[GameID "146053"]

1. e4 c5 2. Nf3 Nc6 3. d4 e6 4. Be3 Be7 5. d5 exd5 6. exd5 Nb4 7. c3 Na6 8. d6 Bxd6 9. Qxd6 Nf6 10. Bxa6 bxa6
11. Bxc5 Ne4 12. Qe5+
1-0

[Event "Asia Championship 2008"]
[Site "SchemingMind.com"]
[Date "2008.03.18"]
[Round "-"]
[White "toguints"]
[Black "Tanis"]
[Result "0-1"]
[WhiteCountry "PHI"]
[BlackCountry "CHN"]
[WhiteElo "1277"]
[WhiteRD "90"]
[BlackElo "2055"]
[BlackRD "78"]
[GameID "146058"]

1. e3 Nf6 2. d4 e6 3. Nf3 c5 4. Bd3 d5 5. O-O Nc6 6. Bb5 Bd7 7. Nc3 Rc8 8. Re1 Bd6 9. b3 cxd4 10. exd4 Bb4
11. Bd2 Nxd4 12. Nxd4 Bxc3 13. Bxc3 Rxc3 14. a4 Rc8 15. Bxd7+ Qxd7 16. f3 O-O 17. Ne2 e5 18. Ng3 Rfe8 19. a5 d4 20. b4 Nd5
21. Qd2 Rc4 22. Rab1 f6 23. Ne4 Rec8 24. Nc5 Qb5 25. Nd3 Rxc2 26. Qd1 Ne3 27. Qxc2 Rxc2 28. Nc5 Rxg2+ 29. Kh1 Qc4 30. Rxe3 Qc2
0-1

[Event "Asia Championship 2008"]
[Site "SchemingMind.com"]
[Date "2008.03.31"]
[Round "-"]
[White "esteves101"]
[Black "marks"]
[Result "1-0"]
[WhiteCountry "PHI"]
[BlackCountry "PHI"]
[WhiteElo "2081"]
[WhiteRD "62"]
[BlackElo "1719"]
[BlackRD "84"]
[GameID "147745"]

1. e4 c6 2. Nc3 d5 3. exd5 cxd5 4. Bb5+ Nc6 5. Nf3 Bg4 6. h3 Bxf3 7. Qxf3 e6 8. O-O a6 9. Bxc6+ bxc6 10. d3 Nf6
11. Qg3 g6 12. Re1 Bg7 13. Bg5 O-O 14. Qh4 Rb8 15. b3 a5 16. d4 c5 17. dxc5 Rb4 18. g4 h5 19. Rad1 hxg4 20. a3 Rb8
21. hxg4 Re8 22. Ne4
1-0

[Event "Asia Championship 2008"]
[Site "SchemingMind.com"]
[Date "2008.03.31"]
[Round "-"]
[White "marks"]
[Black "esteves101"]
[Result "0-1"]
[WhiteCountry "PHI"]
[BlackCountry "PHI"]
[WhiteElo "1719"]
[WhiteRD "84"]
[BlackElo "2081"]
[BlackRD "62"]
[GameID "147752"]

1. Nf3 Nf6 2. d4 e6 3. Bg5 h6 4. Bxf6 Qxf6 5. e4 Nc6 6. Nc3 Bb4 7. a3 Bxc3+ 8. bxc3 O-O 9. Bd3 d6 10. O-O e5
11. Rb1 exd4 12. cxd4 Nxd4 13. Nxd4 Qxd4 14. Kh1 a5 15. Qe2 Re8 16. Qd2 b6 17. Rb5 Bb7 18. c3 Qa4 19. Qe2 Ba6 20. Rd5 Bxd3
21. Qxd3 Qxe4 22. Rd1 Qe1+ 23. Qf1 Qxf1+ 24. Rxf1 Re2 25. h4 Rae8 26. g3 Ra2 27. Kg2 Rxa3 28. Rc1 Ra2
0-1

[Event "Asia Championship 2008"]
[Site "SchemingMind.com"]
[Date "2008.05.27"]
[Round "-"]
[White "e_castle3"]
[Black "Tanis"]
[Result "1-0"]
[WhiteCountry "PHI"]
[BlackCountry "CHN"]
[WhiteElo "1780"]
[WhiteRD "66"]
[BlackElo "2053"]
[BlackRD "85"]
[GameID "156210"]

1. Nf3 f5 2. d4 Nf6 3. Nc3 e6 4. a3 c5 5. Bg5 cxd4 6. Qxd4 Nc6 7. Qd2 h6 8. Bxf6 gxf6 9. O-O-O d5 10. e3 Bd7
11. Be2 Bc5 12. Nd4 Rc8 13. Bh5+ Kf8 14. Nxf5 exf5 15. Qxd5 Ne5 16. Rhe1 Qb6 17. Qa2 Rg8 18. Rxd7 Rg7 19. Rxg7 Kxg7 20. Rd1 Qc6
21. Rd5 b5 22. Qb3 a6 23. Ne2 Qe6 24. Nf4 Qg8 25. c3 Rd8 26. Qd1 Rxd5 27. Qxd5 Qxd5 28. Nxd5 Nd3+ 29. Kc2 Nxf2 30. Nc7 Bxe3
31. Nxa6 Bb6 32. Nb4 Bc7 33. h3 Ne4 34. Nd5 Bb8 35. Be2 Nd6 36. Kb3 Kf7 37. Kb4 Ke6 38. Nf4+ Ke5 39. Ng6+ Ke6 40. Kc5 Ba7+
41. Kc6 Be3 42. b3 Bd2 43. c4 bxc4 44. Bxc4+ Nxc4 45. bxc4 Kf7 46. Nh4 Ke6 47. Nf3 Ba5 48. a4
1-0

[Event "Asia Championship 2008"]
[Site "SchemingMind.com"]
[Date "2008.05.27"]
[Round "-"]
[White "Tanis"]
[Black "e_castle3"]
[Result "1-0"]
[WhiteCountry "CHN"]
[BlackCountry "PHI"]
[WhiteElo "2053"]
[WhiteRD "85"]
[BlackElo "1780"]
[BlackRD "66"]
[GameID "156231"]

1. e4 e5 2. Nf3 Nc6 3. Bb5 a6 4. Ba4 b5 5. Bb3 d6 6. O-O Be7 7. d4 exd4 8. Bd5 Bb7 9. Nxd4 Qd7 10. Nc3 Rb8
11. Bxc6 Bxc6 12. a4 Nf6 13. axb5 Bxb5 14. Re1 O-O 15. Bf4 Rfe8 16. Qf3 c5 17. Nf5 Bf8 18. Bg5 Re6 19. Nxb5 axb5 20. Bxf6 Rxf6
21. Qg4 Qc6 22. Qxg7+ Bxg7 23. Ne7+ Kf8 24. Nxc6 Re8 25. f3 b4 26. Red1 Rg6 27. Rdb1 Rc8 28. Ra6 h5 29. b3 h4 30. Rd1 h3
31. g4 Bc3 32. Kf2 f5 33. exf5 Rf6 34. Rd5 Re8 35. f4 Be1+ 36. Kf3 Bc3 37. g5 Rf7 38. Kg4 Re3 39. Rxd6 Rh7 40. Ra8+
1-0

[Event "Asia Championship 2008"]
[Site "SchemingMind.com"]
[Date "2008.06.02"]
[Round "-"]
[White "mohamad_souza"]
[Black "Schaakmaatje"]
[Result "0-1"]
[WhiteCountry "IRQ"]
[BlackCountry "NED"]
[WhiteElo "1754"]
[WhiteRD "108"]
[BlackElo "1837"]
[BlackRD "46"]
[GameID "157013"]

1. e4 c5 2. Nf3 Nc6 3. Bb5 a6 4. Bxc6 bxc6 5. b3 d5 6. Nc3 Bg4 7. O-O e6 8. d3 Bd6 9. exd5 cxd5 10. Re1 Ne7
11. h3 Bh5 12. Bg5 O-O
0-1

[Event "Asia Championship 2008"]
[Site "SchemingMind.com"]
[Date "2008.05.30"]
[Round "-"]
[White "Schaakmaatje"]
[Black "mohamad_souza"]
[Result "1-0"]
[WhiteCountry "NED"]
[BlackCountry "IRQ"]
[WhiteElo "1837"]
[WhiteRD "46"]
[BlackElo "1754"]
[BlackRD "108"]
[GameID "157020"]

1. e4 e5 2. Nf3 Nf6 3. Nc3 d6 4. Bc4 Bg4 5. d3 Be7 6. O-O d5 7. Nxd5 Nxd5 8. Bxd5 Nc6 9. c3 O-O 10. Qe2 Bc5
11. Be3 Bxe3 12. Qxe3 Bxf3 13. Qxf3
1-0

[Event "Asia Championship 2008"]
[Site "SchemingMind.com"]
[Date "2008.09.27"]
[Round "-"]
[White "Schaakmaatje"]
[Black "esteves101"]
[Result "0-1"]
[WhiteCountry "NED"]
[BlackCountry "PHI"]
[WhiteElo "1804"]
[WhiteRD "46"]
[BlackElo "2210"]
[BlackRD "68"]
[GameID "172693"]

1. e4 e5 2. Nc3 Nf6 3. f4 exf4 4. Nf3 d5 5. exd5 Nxd5 6. Nxd5 Qxd5 7. d4 Bb4+ 8. Bd2 Bxd2+ 9. Qxd2 O-O 10. Be2 Re8
11. O-O Nc6 12. c3 Bd7 13. Rae1 Re3 14. Ne5 Nxe5 15. Rxf4 Bc6
0-1

[Event "Asia Championship 2008"]
[Site "SchemingMind.com"]
[Date "2008.09.26"]
[Round "-"]
[White "esteves101"]
[Black "Schaakmaatje"]
[Result "1-0"]
[WhiteCountry "PHI"]
[BlackCountry "NED"]
[WhiteElo "2210"]
[WhiteRD "68"]
[BlackElo "1804"]
[BlackRD "46"]
[GameID "172700"]

1. e4 d6 2. d4 g6 3. Nf3 Bg7 4. Nc3 c6 5. Be2 a5 6. O-O b5 7. e5 dxe5 8. Nxe5 Bf5 9. g4 Be6 10. Bf3 Ra6
11. a4 b4 12. Ne4 Bd5 13. Qe2 Nf6 14. Bh6 O-O 15. Bxg7 Kxg7 16. Nc5 Rb6 17. Rad1 Ne8 18. Rfe1 Nd6 19. Rd3 Re8 20. Bxd5 cxd5
21. Rh3 f6 22. Ne6+
1-0

[Event "Asia Championship 2008"]
[Site "SchemingMind.com"]
[Date "2008.09.27"]
[Round "-"]
[White "opageo"]
[Black "z"]
[Result "1-0"]
[WhiteCountry "SCO"]
[BlackCountry "IRQ"]
[WhiteElo "2164"]
[WhiteRD "92"]
[BlackElo "1754"]
[BlackRD "60"]
[GameID "172813"]

1. d4 f5 2. Nf3 e6 3. e3 b6 4. Ne5 Qf6 5. Qh5+ g6 6. Qf3 c6 7. Nd2 Bb7 8. Be2 d6 9. Nec4 Nd7 10. Qg3 e5
11. Nb3 Nh6 12. Bd2 Nf7 13. Bc3 Bg7 14. O-O-O O-O 15. dxe5 dxe5 16. Rxd7 Bc8 17. Nxe5 Nxe5 18. Rxg7+ Qxg7 19. Bc4+ Nxc4 20. Bxg7 Kxg7
21. Qc7+ Kh6 22. Qf4+
1-0

[Event "Asia Championship 2008"]
[Site "SchemingMind.com"]
[Date "2008.09.27"]
[Round "-"]
[White "z"]
[Black "opageo"]
[Result "0-1"]
[WhiteCountry "IRQ"]
[BlackCountry "SCO"]
[WhiteElo "1754"]
[WhiteRD "60"]
[BlackElo "2164"]
[BlackRD "92"]
[GameID "172825"]

1. b4 Nf6 2. Bb2 d6 3. g3 e5 4. Bg2 Be7 5. e3 O-O 6. Ne2 Nbd7 7. O-O Re8 8. c4 d5 9. cxd5 Bxb4 10. Nbc3 Nb6
11. e4 Bg4 12. f3 Bc5+ 13. d4 exd4 14. Nxd4 Nc4 15. Bc1 Nxe4 16. fxg4 Nxc3 17. Qd3 Bxd4+ 18. Kh1 Ne2 19. Rb1 Nd6 20. Bb2 Re3
21. Qd2 Nc4 22. Qc2 Nxb2 23. Rxb2 Nxg3+ 24. hxg3 Rxg3 25. Rf2 Qh4+ 26. Kg1 Qxg4 27. Kf1 Re8 28. Rxb7 Rxg2 29. Rxg2 Qf3+ 30. Rf2 Qh1#
0-1

[Event "Asia Championship 2008"]
[Site "SchemingMind.com"]
[Date "2008.10.28"]
[Round "-"]
[White "e_castle3"]
[Black "opageo"]
[Result "0-1"]
[WhiteCountry "PHI"]
[BlackCountry "SCO"]
[WhiteElo "1725"]
[WhiteRD "68"]
[BlackElo "2222"]
[BlackRD "101"]
[GameID "176342"]

1. e4 c6 2. Nf3 d5 3. exd5 cxd5 4. Bb5+ Nc6 5. O-O Nf6 6. d4 Bd7 7. Re1 e6 8. Bg5 Qb6 9. Nc3 Bd6 10. Rb1 h6
11. Bxf6 gxf6 12. Bf1 O-O-O 13. Na4 Qa5 14. Nc3 a6 15. a3 Qc7 16. g3 Rdg8 17. b4 Nxb4 18. axb4 Qxc3 19. Re3 Qc7 20. Rbb3 Qb6
21. Qb1 Rg7 22. c4 dxc4 23. Bxc4 Kd8 24. Bf1 Rhg8 25. Nd2 Bf4 26. Red3 Bb5 27. Ne4 Bxd3 28. Qxd3 Ke7 29. Bg2 Bd6 30. Qf3 f5
31. Nxd6 Kxd6 32. Qxb7 Rb8 33. Qf3 Rg4 34. d5 Rxb4 35. Rd3 Rd4 36. Rc3 Rxd5 37. Qf4+ e5 38. Qxh6+ Kd7 39. Qh5 Qg6 40. Qf3 Rb1+
41. Bf1 e4 42. Qf4 Qd6 43. Qxd6+ Rxd6 44. Kg2 Rb2 45. Bxa6 Rxa6
0-1

[Event "Asia Championship 2008"]
[Site "SchemingMind.com"]
[Date "2008.10.27"]
[Round "-"]
[White "opageo"]
[Black "e_castle3"]
[Result "1-0"]
[WhiteCountry "SCO"]
[BlackCountry "PHI"]
[WhiteElo "2211"]
[WhiteRD "99"]
[BlackElo "1763"]
[BlackRD "65"]
[GameID "176348"]

1. d4 d5 2. Nf3 Nf6 3. Bg5 e6 4. e3 Be7 5. Bd3 Nbd7 6. c3 b6 7. Nbd2 Bb7 8. O-O O-O 9. Qc2 h6 10. Bh4 c5
11. b3 Rc8 12. Qb2 Rc7 13. a4 Re8 14. a5 Qa8 15. axb6 Nxb6 16. Bg3 Rcc8 17. Qa2 cxd4 18. cxd4 Rc3 19. Qxa7 Qxa7 20. Rxa7 Bc8
21. Be2 Rc2 22. Bc7 Nbd7 23. Bd3 Rc6 24. Rfa1 g5 25. Bb5 Rc2 26. Be5 g4 27. Bxf6 Bxf6 28. Bxd7 Bxd7 29. Rxd7 gxf3 30. Nxf3 Rec8
31. g4 Rb2 32. Raa7 Rc1+ 33. Kg2 Rcc2 34. Rxf7 Rxf2+ 35. Kg3 Rg2+ 36. Kh3 Bg5 37. Rg7+ Kf8 38. Rgb7 Bd8 39. Rh7 Kg8 40. Rhd7
1-0

[Event "Asia Championship 2008"]
[Site "SchemingMind.com"]
[Date "2008.11.17"]
[Round "-"]
[White "esteves101"]
[Black "Alikabok"]
[Result "1-0"]
[WhiteCountry "PHI"]
[BlackCountry "PHI"]
[WhiteElo "2228"]
[WhiteRD "72"]
[BlackElo "1942"]
[BlackRD "99"]
[GameID "179153"]

1. e4 Nf6 2. e5 Nd5 3. Nc3 Nxc3 4. dxc3 d5 5. Nf3 Bg4 6. h3 Bxf3 7. Qxf3 e6 8. Bf4 c5 9. c4 Nc6 10. O-O-O d4
11. Bd3 Qb6 12. Be4
1-0

[Event "Asia Championship 2008"]
[Site "SchemingMind.com"]
[Date "2008.11.17"]
[Round "-"]
[White "Alikabok"]
[Black "esteves101"]
[Result "0-1"]
[WhiteCountry "PHI"]
[BlackCountry "PHI"]
[WhiteElo "1942"]
[WhiteRD "99"]
[BlackElo "2228"]
[BlackRD "72"]
[GameID "179164"]

1. d4 Nf6 2. c4 e6 3. Nf3 Bb4+ 4. Bd2 Nc6 5. Bxb4 Nxb4 6. Nc3 O-O 7. e3 d5 8. Be2 Qe7 9. a3 Nc6 10. O-O Rd8
11. Qc2 Bd7
0-1

[Event "Asia Championship 2008"]
[Site "SchemingMind.com"]
[Date "2009.04.11"]
[Round "-"]
[White "esteves101"]
[Black "opageo"]
[Result "0-1"]
[WhiteCountry "PHI"]
[BlackCountry "SCO"]
[WhiteElo "2085"]
[WhiteRD "110"]
[BlackElo "2090"]
[BlackRD "102"]
[GameID "199573"]

1. e4 c6 2. Nf3 d5 3. exd5 cxd5 4. Nc3 Nf6 5. d4 e6 6. Bd3 Qb6 7. O-O Be7 8. Bf4 Bd7 9. Qd2 Nc6 10. Nb5 Rc8
11. a4 Na5 12. Rfb1 a6 13. Nc3 Nc4 14. Bxc4 Rxc4 15. a5 Qb4 16. Ra3 b5 17. Qd1 Qxa3 18. bxa3 Rxc3 19. Bc1 O-O 20. Bb2 Rc7
21. Ne5 Rfc8 22. c3 Bd8 23. Qd3 Rb7 24. f3 Bxa5 25. g4 Be8 26. h4 Rbc7 27. Rc1 Nd7 28. Nxd7 Bxd7 29. Qe3 Rc4 30. h5 h6
31. Kf2 Bd8 32. f4 Bh4+ 33. Kf3 Re8 34. Rh1 Bd8 35. Qd2 Ba5 36. Rc1 Rc6 37. Qe3 Bb6 38. Re1 Rc4 39. g5 hxg5 40. fxg5 e5
41. Qf2 Bf5 42. Kg3 Be4 43. Rf1 Re7 44. g6 f6 45. Qe1 Bc7 46. Kh4 Re8 47. Rf2 Bb6 48. Qa1 Re6 49. Qd1 Bd8 50. Qb3 Be7
51. Kh3 Bd6 52. Qd1 Bc7 53. Qg4 Rcc6 54. Rd2 Ba5 55. Kh4 f5 56. Qg3 Bc7 57. Qg5 Re8 58. Kh3 f4 59. Kh2 exd4 60. cxd4 f3+
61. Kg1 Rf6 62. Rf2 Bf4 63. Qg4 Rf5 64. Rxf3 Ref8 65. Rxf4 Rxf4 66. Qe6+ Kh8 67. Kh2 Rf1 68. Qe7 R8f2+ 69. Kh3 Bf5+ 70. Kg3 Rf3+
71. Kh2 R1f2+ 72. Kg1 Be4 73. h6 Rf1+ 74. Kh2 R3f2+ 75. Kh3 Rh1+ 76. Kg3 Rg2+ 77. Kf4 Rf1+ 78. Ke5 Rf5+ 79. Kd6 Rf6+ 80. Kc5 Rfxg6
81. hxg7+ Rxg7 82. Qe8+ Rg8 83. Qe5+ Kh7 84. Qh5+ Kg7 85. Qe5+ Kf7 86. Qf4+ Kg6 87. Bc1 Re8 88. Kd6 Kg7 89. Qh6+ Kf7 90. Qh3 Rg6+
91. Kc5 Ree6 92. Kb4 Rg2 93. Qh5+ Kf8 94. a4 bxa4
0-1

[Event "Asia Championship 2008"]
[Site "SchemingMind.com"]
[Date "2009.04.11"]
[Round "-"]
[White "opageo"]
[Black "esteves101"]
[Result "1-0"]
[WhiteCountry "SCO"]
[BlackCountry "PHI"]
[WhiteElo "2147"]
[WhiteRD "109"]
[BlackElo "2130"]
[BlackRD "119"]
[GameID "199581"]

1. d4 Nf6 2. f4 d5 3. e3 Nc6 4. Nf3 Bg4 5. c3 Qd7 6. h3 Bxf3 7. Qxf3 O-O-O 8. Bd3 e6 9. O-O h5 10. Nd2 h4
11. e4 Be7 12. e5 Nh5 13. Rf2 f6 14. Qg4 f5 15. Qd1 g5 16. fxg5 Bxg5 17. Nf3 Bxc1 18. Rxc1 Rdg8 19. Bb5 Nf4 20. Kh1 a6
21. Ba4 Nh5 22. c4 dxc4 23. Bxc6 Qxc6 24. Rfc2 Rh7 25. Rxc4 Ng3+ 26. Kh2 Qe8 27. d5 exd5 28. Qxd5 Rd7 29. Qa5 Rgg7 30. Nxh4 Qe6
31. Qc5 Kb8 32. R4c3 Ne2 33. Qf8+ Ka7 34. Qxf5 Qb6 35. Rb3 Qd4 36. Re1 Rdf7 37. Rxe2 Rxf5 38. Nxf5 Qf4+ 39. Ng3 Qc4 40. Rc3 Qxa2
41. Nf5 Rg8 42. Rxc7 Qd5 43. Rc3 Qe6 44. g4 Rg5 45. Rf3 Rg8 46. Nd4 Qc4 47. Rd2 Qc1 48. Rff2 Rf8 49. Kg2 Qe1 50. Nf3 Qe3
51. Rde2 Qb6 52. Kg3 Qb4 53. h4 Qf4+ 54. Kh3 Qc4 55. Re3 Rf4 56. b3 Qc1 57. Ree2 Qc3 58. Kg3 Qb4 59. Nh2 Rd4 60. Re3 Qb6
61. h5 Qh6 62. Rff3 Rd8 63. e6 Re8 64. Kh4 Rg8 65. Re5 Qd2 66. Kg3 Qd6 67. Re3 Re8 68. Kh4 Re7 69. h6 Qd4 70. Kh5 b6
71. g5 Qd8 72. g6 Qh8 73. Rf5 Kb8 74. Rf7 Rc7 75. Rxc7 Kxc7 76. e7 Qe8 77. h7 Kb8 78. Ng4 Kb7 79. Nf6 Qb5+ 80. Kh6 Qc6
81. e8=Q Qxe8 82. Rxe8
1-0